1180 1960 1507 1707 1446 1108 1404 1654 1039 1449 1154 1961 1138 1917 1338 1224 1451 1972 1045 1604 1790 1000 1210 1133 1655 1443 1788 1072 1164 1194 1617 1021 1601 1026 1673 1138 1342 1657 1794 1801 1373 1258 1648 1085 1319 1314 1698 1003 1329 1946 1660 1464 1223 1554 1912 1465 1598 1444 1052 1057 1809 1306 1708 1805 1340 1039 1835 1002 1625 1074 1910 1820 1261 1753 1794 1685 1181 1108 1301 1926 1664 1642 1469 1556 1200 1630 1168 1618 1714 1743 1180 1109 1418 1250 1131 1361 1141 1294 1648 BCNSPRNW ULIB Ver.6.0+V

เปลี่ยนเป็นภาษาไทย

Change to English
 แสดงรายละเอียดบรรณานุกรม
  กลับหน้าหลัก

Brief Record : Get Marc (ISO 2709) : E-mail record : QR code < ปิดหน้าต่าง
LEADER : 00000nam 2200000uu 4500
001    13399128323
003     ULIB
008    230607s2561||||th 000 0 tha d
020    ^a9786163983374
060  0 ^aWY152^bศ352ก^cล.1
100 0  ^aศิริรัตน์ ปานอุทัย
245 00 ^aการพยาบาลผู้สูงอายุ เล่ม 1 /^cศิริรัตน์ ปานอุทัย
250    ^aพิมพ์ครังที่ 2
260    ^aเชียงใหม่ : ^bโครงการตำราคณะพยาบาลศาสตร์ มหาวิทยาลัยเชียงใหม่,^c2561.
300    ^a224 หน้า
650  0 ^aการพยาบาล--ผู้สูงอายุ
945    ^p200^l0^i29531
945    ^p200^l0^i29532
945    ^p200^l0^i29533
945    ^p200^l0^i29534
945    ^p200^l0^i29535
999    ^aกัณชพร จุลอักษร
รายการนี้ยังไม่มีแท็ก
คุณยังไม่ได้ล็อกอิน คุณสามารถมีกิจกรรมร่วมกับเว็บไซต์ได้ แต่ต้องล็อกอินก่อน ::
  ล็อกอิน

รายการสื่อสารสนเทศ

ลำดับที่ ประเภท เลขเรียก/บาร์โค้ด สถานที่ สถานะ
1. หนังสือสำรอง
หนังสือสำรอง
WY152 ศ352ก ล.1 ฉ.1 
  Barcode: 29531
ห้องสมุดวิทยาเขตนครสวรรค์
►หนังสือทั่วไป:l:General Books
บนชั้น
2. วิทยาศาสตร์การแพทย์ และสุขภาพ
วิทยาศาสตร์การแพทย์ และสุขภาพ
WY152 ศ352ก ล.1 ฉ.2 
  Barcode: 29532
ห้องสมุดวิทยาเขตนครสวรรค์
►หนังสือทั่วไป:l:General Books
บนชั้น
3. วิทยาศาสตร์การแพทย์ และสุขภาพ
วิทยาศาสตร์การแพทย์ และสุขภาพ
WY152 ศ352ก ล.1 ฉ.3 
  Barcode: 29533
ห้องสมุดวิทยาเขตนครสวรรค์
►หนังสือทั่วไป:l:General Books
บนชั้น
4. วิทยาศาสตร์การแพทย์ และสุขภาพ
วิทยาศาสตร์การแพทย์ และสุขภาพ
WY152 ศ352ก ล.1 ฉ.4 
  Barcode: 29534
ห้องสมุดวิทยาเขตนครสวรรค์
►หนังสือทั่วไป:l:General Books
บนชั้น
5. วิทยาศาสตร์การแพทย์ และสุขภาพ
วิทยาศาสตร์การแพทย์ และสุขภาพ
WY152 ศ352ก ล.1 ฉ.5 
  Barcode: 29535
ห้องสมุดวิทยาเขตนครสวรรค์
►หนังสือทั่วไป:l:General Books
บนชั้น

รายการใกล้เคียง
    ผู้แต่ง [ศิริรัตน์ ปานอุทัย]

    หัวเรื่อง [การพยาบาล--ผู้สูงอายุ]

BibComment


ยังไม่เคยถูกคอมเมนท์

คอมเมนท์ทรัพยากรรายการนี้
  คอมเมนท์: การพยาบาลผู้สูงอ..


 Copyright 2026. Bcnsprnw @Library